[Event "Vezerkepzo 7days March 2022"]
[Site "Budapest"]
[Date "2022.04.02"]
[Round "8.3"]
[White "Vantika Agrawal"]
[Black "Bogdanov, Egor"]
[Result "1-0"]
[WhiteElo "2381"]
[BlackElo "2427"]
[Annotator "ChessBase"]
[PlyCount "95"]
[EventDate "2022.03.27"]
[EventCountry "HUN"]
[SourceTitle "playchess.com"]
[Source "ChessBase"]
[SourceQuality "1"]

1. d4 Nf6 2. c4 g6 3. Nc3 Bg7 4. e4 O-O 5. Be2 d6 6. Bg5 c5 7. d5 h6 8. Be3 e6 9. Qd2 exd5 10. exd5 Kh7 11. h4 Re8 12. h5 g5 13. Nf3 Ng4 14. Nxg5+ hxg5 15. Bxg5 Bf6 16. Bxf6 Qxf6 17. O-O-O Qh6 18. Bxg4 Bxg4 19. f3 Bd7 20. g4 Qxd2+ 21. Kxd2 f5 22. gxf5 Bxf5 23. Nb5 Rd8 24. Rde1 Rd7 25. Re8 a6 26. Nc3 Rg7 27. Rhe1 Rg2+ 28. R1e2 Rxe2+ 29. Kxe2 b5 30. Rf8 Bc2 31. Kd2 Kg7 32. Rd8 Bf5 33. b3 Kf6 34. h6 Kg5 35. Ne4+ Bxe4 36. fxe4 Kxh6 37. Rxd6+ Kg5 38. Rd8 Kf6 39. Ke3 Ke7 40. Rh8 Kd6 41. Kf4 bxc4 42. bxc4 Kc7 43. e5 a5 44. Kf5 a4 45. a3 Kd7 46. Rh7+ Kd8 47. e6 Ra6 48. Rh8+ 1-0

[Event "Vezerkepzo 7days March 2022"]
[Site "Budapest"]
[Date "2022.04.02"]
[Round "8.4"]
[White "Sturt, Raven"]
[Black "Ajay Krishna, S."]
[Result "1-0"]
[WhiteElo "2434"]
[BlackElo "2399"]
[Annotator "ChessBase"]
[PlyCount "69"]
[EventDate "2022.03.27"]
[EventCountry "HUN"]
[SourceTitle "playchess.com"]
[Source "ChessBase"]
[SourceQuality "1"]

1. d4 d5 2. c4 e6 3. Nf3 Nf6 4. Nc3 Bb4 5. cxd5 exd5 6. Bg5 h6 7. Bh4 g5 8. Bg3 Ne4 9. Nd2 Nxc3 10. bxc3 Bxc3 11. Rc1 Ba5 12. e3 c6 13. h4 g4 14. Be2 Be6 15. O-O h5 16. Nb3 Bc7 17. Nc5 Bxg3 18. fxg3 Nd7 19. Nd3 Qc7 20. Nf4 O-O-O 21. Qd2 Kb8 22. a4 c5 23. a5 Qd6 24. Qb2 cxd4 25. exd4 Ka8 26. Rc3 Nf6 27. Rb1 Rb8 28. Rb3 Bc8 29. Rb6 Qe7 30. Rxf6 Be6 31. Rxe6 fxe6 32. Ng6 Qc7 33. Nxh8 Qxg3 34. a6 b6 35. Qc1 1-0

[Event "Vezerkepzo 7days March 2022"]
[Site "Budapest"]
[Date "2022.04.02"]
[Round "8.5"]
[White "Park, Evan"]
[Black "Ilincic, Zlatko"]
[Result "0-1"]
[WhiteElo "2296"]
[BlackElo "2331"]
[Annotator "TA"]
[PlyCount "66"]
[EventDate "2022.03.27"]
[EventCountry "HUN"]
[SourceTitle "playchess.com"]
[Source "ChessBase"]
[SourceQuality "1"]

{[%evp 17,66,19,27,0,17,-8,0,-2,-2,0,0,0,0,-17,-17,-16,-10,-10,0,0,0,0,0,0,0,-53,0,0,0,-1,-6,-62,-69,-35,-58,-279,-279,-279,-279,-291,-310,-310,-128,-128,-128,-130,-128,-128,-63,-29982,-29983]} 1. d4 Nf6 2. c4 e6 3. Nf3 b6 4. g3 Bb7 5. Bg2 Be7 6. O-O O-O 7. Nc3 Ne4 8. Qc2 {8.Bd2 is more fashionable.} Nxc3 9. Qxc3 f5 10. Qc2 {[%cal Od4d5] E19: Queen's Indian: Old Main Line with 7...Ne4 8 Qc2 Nxc3 8 Qxc3.} Bf6 11. Rd1 Be4 12. Qa4 {The position is equal.} d6 13. Be3 Qe8 14. Qxe8 Rxe8 15. Ne1 Bxg2 16. Kxg2 {[#]} e5 $146 ({Predecessor:} 16... Nd7 17. Rac1 e5 18. dxe5 Nxe5 19. Rc2 Nc6 20. Nd3 Re4 21. Kf1 Rae8 22. b4 Bd4 {1-0 (41) Schlinkmeier,K (2172)-Kalinin,O (2065) Bayern 2004}) 17. dxe5 dxe5 18. Nc2 Nc6 19. Rd7 Re7 20. Rad1 Kf7 21. b4 (21. R7d3 $11) 21... a5 (21... Rxd7 $1 $15 22. Rxd7+ Ke6) 22. b5 $11 Nb4 23. Nxb4 axb4 24. c5 (24. R7d2 $1 $11) 24... Rxa2 $15 {Hoping for ...b3.} 25. cxb6 cxb6 {Strongly threatening ...Rxd7.} 26. Bxb6 $2 {[#]} (26. Rxe7+ $1 $15 Bxe7 27. Bxb6) 26... Rxd7 $1 $19 (26... Rxe2 27. Bc7 e4 28. b6 $18) 27. Rxd7+ $15 {[%mdl 4096] Endgame KRB-KRB} Ke6 28. Rd1 b3 (28... Rxe2 $2 29. Bc7 Re4 30. b6 $18) 29. Bc7 b2 ({Don't take} 29... Rxe2 30. b6 Re4 31. b7 $18) (29... Ra4 $19 {has better winning chances. And now ...Rb4 would win.} 30. Rd6+ Kf7 31. Rd7+ Be7) 30. b6 $17 {[#] aiming for b7.} Bd8 $1 {[%mdl 512] ...Ra1 is the strong threat.} 31. Rb1 ({Don't go for} 31. Bxd8 $2 Ra1 32. b7 b1=Q 33. Rxb1 Rxb1 $19) 31... Bxc7 32. bxc7 Kd7 33. Kf1 $2 {[%mdl 8192]} (33. Kf3 $15) 33... Ra1 {Weighted Error Value: White=0.56/Black=0.16 (very precise)} 0-1

[Event "Vezerkepzo 7days March 2022"]
[Site "Budapest"]
[Date "2022.04.03"]
[Round "9.2"]
[White "Ajay Krishna, S."]
[Black "Park, Evan"]
[Result "0-1"]
[WhiteElo "2399"]
[BlackElo "2296"]
[Annotator "ChessBase"]
[PlyCount "76"]
[EventDate "2022.03.27"]
[EventCountry "HUN"]
[SourceTitle "playchess.com"]
[Source "ChessBase"]
[SourceQuality "1"]

1. d4 Nf6 2. c4 g6 3. Nf3 Bg7 4. g3 O-O 5. Bg2 c5 6. d5 e6 7. Nc3 exd5 8. cxd5 d6 9. O-O Re8 10. Bf4 Bf5 11. Nh4 Bg4 12. h3 Nh5 13. Bc1 Bd7 14. a4 Na6 15. Nf3 c4 16. Nd2 Rc8 17. Nde4 Bf5 18. Bg5 Nf6 19. Nxf6+ Bxf6 20. Bxf6 Qxf6 21. g4 Bd7 22. Ne4 Rxe4 23. Bxe4 Qxb2 24. Rb1 Qe5 25. Bg2 Nc5 26. Qc2 Nb3 27. Rxb3 Bxa4 28. Rfb1 Rc5 29. Qa2 Bxb3 30. Qxa7 b5 31. Qb8+ Kg7 32. h4 h6 33. Bf3 c3 34. Rxb3 c2 35. Re3 c1=Q+ 36. Kg2 Qea1 37. Re8 Qg1+ 38. Kh3 Qaf1+ 0-1

[Event "Vezerkepzo 7days March 2022"]
[Site "Budapest"]
[Date "2022.04.03"]
[Round "9.3"]
[White "Bogdanov, Egor"]
[Black "Sturt, Raven"]
[Result "1/2-1/2"]
[WhiteElo "2427"]
[BlackElo "2434"]
[Annotator "ChessBase"]
[PlyCount "63"]
[EventDate "2022.03.27"]
[EventCountry "HUN"]
[SourceTitle "playchess.com"]
[Source "ChessBase"]
[SourceQuality "1"]

1. e4 c5 2. c3 Nf6 3. e5 Nd5 4. d4 cxd4 5. Nf3 Nc6 6. cxd4 d6 7. Bc4 Nb6 8. Bb5 dxe5 9. Nxe5 Bd7 10. Nxd7 Qxd7 11. O-O Rd8 12. Nc3 e6 13. Bg5 Be7 14. Bxe7 Qxe7 15. Qf3 O-O 16. Bxc6 bxc6 17. Qxc6 Rxd4 18. Rfd1 Rfd8 19. Rxd4 Rxd4 20. Rd1 e5 21. a4 Qd8 22. Re1 f6 23. a5 Qd7 24. Qxd7 Nxd7 25. Rd1 Nb8 26. Rxd4 exd4 27. Nb5 Nc6 28. Kf1 Kf7 29. Ke2 a6 30. Nd6+ Ke6 31. Ne8 Kd5 32. Kd3 1/2-1/2